Les théories de l'exclusion : pour une construction de l'imaginaire de la déviance /

Saved in:
Bibliographic Details
Main Author: Xiberras, Martine, 1958-
Format: Book
Language:French
Published: Paris : Méridiens Klincksieck, 1993.
Series:Sociologies au quotidien.
Subjects:
Tags: Add Tag
No Tags, Be the first to tag this record!
LEADER 00863aam a2200253 a 4500
001 003648666-3
005 20020606093309.7
008 931014s1993 fr b 000 0 fre
010 |a  93218108  
020 |a 2865633098 
035 0 |a ocm29011934 
040 |a DLC  |c DLC 
050 0 0 |a HM136  |b .X53 1993 
100 1 |a Xiberras, Martine,  |d 1958- 
245 1 4 |a Les théories de l'exclusion :  |b pour une construction de l'imaginaire de la déviance /  |c Martine Xiberras ; préface de Julien Freund. 
260 |a Paris :  |b Méridiens Klincksieck,  |c 1993. 
300 |a 204 p. ;  |c 21 cm. 
490 1 |a Collection "Sociologies au quotidien",  |x 0750-9685 
504 |a Includes bibliographical references (p. [199]-200). 
650 0 |a Marginality, Social. 
650 0 |a People with social disabilities. 
830 0 |a Sociologies au quotidien. 
988 |a 20020608 
906 |0 DLC